[Event "POL-chT Liga Mazowiecka 2006/07"]
[Site "Poland"]
[Date "2007.01.21"]
[Round "7.1"]
[White "Kowalski, Piotr"]
[Black "Chojnowski, Marcin"]
[Result "0-1"]
[WhiteElo "2094"]
[BlackElo "2137"]
[PlyCount "78"]
[EventDate "2006.10.22"]
[EventType "team-swiss"]
[EventRounds "9"]
[EventCountry "POL"]
[SourceTitle "EXT 2011"]
[Source "ChessBase"]
[SourceDate "2010.11.26"]
[SourceVersion "1"]
[SourceVersionDate "2010.11.26"]
[SourceQuality "1"]
[WhiteTeam "Warszawa Modus"]
[BlackTeam "Ostroleka Wieza"]
[WhiteTeamCountry "POL"]
[BlackTeamCountry "POL"]

1. e4 c5 2. Nf3 d6 3. d4 cxd4 4. Nxd4 Nf6 5. Nc3 a6 6. Be2 e5 7. Nb3 Be7 8. 0-0 0-0 9. f4 exf4 10. Bxf4 Nc6 11. a4 Be6 12. Kh1 Rc8 13. Bd3 Ne5 14. Nd4 Qb6 15. Nxe6 fxe6 16. Bxe5 dxe5 17. a5 Qxb2 18. Na4 Qd4 19. Nb6 Rcd8 20. Qe2 Nd7 21. Nxd7 Qxd7 22. Qg4 Qc6 23. h3 Bb4 24. Rfb1 Bc5 25. Rb3 Rf6 26. Rab1 Rd7 27. Rc3 Rdf7 28. Qh5 Qd6 29. Rcb3 Qd4 30. Qe2 Rf2 31. c3 Qd8 32. Qd1 Qg5 33. Qg4 Qd2 34. Rd1 Qe3 35. Rbb1 R7f6 36. Bc4 Rg6 37. Bxe6+ Kh8 38. Rd8+ Bf8 39. Bf5 Rf6 0-1

[Event "POL-chT Liga Mazowiecka 2006/07"]
[Site "Poland"]
[Date "2006.11.05"]
[Round "2.13"]
[White "Dobrogost, Wojciech"]
[Black "Kowalski, Piotr"]
[Result "1-0"]
[WhiteElo "2122"]
[BlackElo "2094"]
[PlyCount "93"]
[EventDate "2006.10.22"]
[EventType "team-swiss"]
[EventRounds "9"]
[EventCountry "POL"]
[SourceTitle "EXT 2011"]
[Source "ChessBase"]
[SourceDate "2010.11.26"]
[SourceVersion "1"]
[SourceVersionDate "2010.11.26"]
[SourceQuality "1"]
[WhiteTeam "Grodzisk Polfa Mazowiecki II"]
[BlackTeam "Warszawa Modus"]
[WhiteTeamCountry "POL"]
[BlackTeamCountry "POL"]

1. e4 c5 2. Nf3 d6 3. d4 cxd4 4. Nxd4 Nf6 5. Nc3 g6 6. Be3 Bg7 7. Qd2 Ng4 8. Bg5 h6 9. Bh4 Nc6 10. Nxc6 bxc6 11. f3 Qb6 12. Na4 Qe3+ 13. Kd1 Qxd2+ 14. Kxd2 Nf6 15. Rd1 0-0 16. Bd3 e5 17. Bf2 Be6 18. b3 Nd7 19. Rhf1 f5 20. Kc1 d5 21. Ba6 Rab8 22. Nc3 d4 23. Na4 c5 24. Nb2 Nb6 25. a4 c4 26. a5 cxb3 27. axb6 Rxb6 28. Bd3 Rc8 29. c4 dxc3 30. Bxb6 cxb2+ 31. Kxb2 axb6 32. Rc1 Ra8 33. Ra1 Ra2+ 34. Rxa2 bxa2 35. Rc1 Bf8 36. Rc6 Bf7 37. Bc4 Bxc4 38. Rxc4 Bc5 39. Kxa2 f4 40. Kb3 Kf7 41. Rxc5 bxc5 42. Kc4 h5 43. Kxc5 g5 44. Kd5 Kf6 45. Kd6 g4 46. Kd5 h4 47. h3 1-0

[Event "Mazowieckie-chT 0506"]
[Site "Poland"]
[Date "2006.01.08"]
[Round "7"]
[White "Kowalski, Piotr"]
[Black "Kurpiewski, Slawomir"]
[Result "0-1"]
[WhiteElo "2082"]
[BlackElo "2185"]
[PlyCount "62"]
[EventDate "2005.10.09"]
[EventType "team-tourn"]
[EventRounds "9"]
[EventCountry "POL"]
[SourceTitle "EXT 2019"]
[Source "ChessBase"]
[SourceDate "2018.10.10"]
[SourceVersion "1"]
[SourceVersionDate "2018.10.10"]
[SourceQuality "1"]

1. e4 e5 2. Nf3 Nc6 3. Bb5 a6 4. Ba4 Nf6 5. 0-0 b5 6. Bb3 Bb7 7. c3 Bc5 8. d4 Bd6 9. Ng5 0-0 10. f4 exd4 11. cxd4 Be7 12. e5 Ne8 13. Qd3 Bxg5 14. fxg5 g6 15. Nc3 Na5 16. Nd5 Nxb3 17. Nf6+ Nxf6 18. gxf6 Nxc1 19. Raxc1 Re8 20. Qd2 Re6 21. Rc3 d6 22. Rh3 Qf8 23. Qg5 dxe5 24. Rf5 exd4 25. Qh4 h6 26. Qf4 Rae8 27. Rxh6 Re1+ 28. Kf2 R8e2+ 29. Kg3 Rxg2+ 30. Kh3 Re3+ 31. Kh4 Re4 0-1

[Event "Mazowieckie-chT 0506"]
[Site "Poland"]
[Date "2005.11.20"]
[Round "4"]
[White "Kowalski, Piotr"]
[Black "Przedmojski, Rafal"]
[Result "0-1"]
[WhiteElo "2082"]
[BlackElo "2382"]
[PlyCount "186"]
[EventDate "2005.10.09"]
[EventType "team-tourn"]
[EventRounds "9"]
[EventCountry "POL"]
[SourceTitle "EXT 2019"]
[Source "ChessBase"]
[SourceDate "2018.10.10"]
[SourceVersion "1"]
[SourceVersionDate "2018.10.10"]
[SourceQuality "1"]

1. e4 c6 2. d4 d5 3. Nc3 a6 4. Be3 b5 5. a3 dxe4 6. Nxe4 Nd7 7. Nf3 Ngf6 8. Nxf6+ Nxf6 9. Be2 g6 10. Ne5 Bb7 11. 0-0 Nd7 12. f4 Bg7 13. Bf3 Qc7 14. c3 0-0 15. Qe2 Nb6 16. Bf2 Rae8 17. Bg3 Qc8 18. Rac1 Ba8 19. Kh1 Rd8 20. Rfd1 Rfe8 21. Nd3 Nd7 22. a4 Nb6 23. Nc5 Nd7 24. b4 Nxc5 25. bxc5 Bb7 26. Bf2 Qc7 27. axb5 axb5 28. Ra1 Ra8 29. Rxa8 Rxa8 30. c4 bxc4 31. g3 Bc8 32. Qxc4 Be6 33. d5 cxd5 34. Bxd5 Bxd5+ 35. Qxd5 Rc8 36. Qd7 Qxd7 37. Rxd7 Bf8 38. Rb7 e6 39. Rb5 Be7 40. Kg2 Kf8 41. Kf3 Ke8 42. Ke4 Kd7 43. g4 f5+ 44. gxf5 gxf5+ 45. Ke5 Bd8 46. Be3 Bc7+ 47. Kf6 Rg8 48. Rb2 Rg6+ 49. Kf7 e5 50. fxe5 Bxe5 51. Rd2+ Kc6 52. h4 f4 53. Bd4 Rf6+ 54. Kg7 Rd6+ 55. Bxe5 Rxd2 56. Bxf4 Rd7+ 57. Kh6 Kxc5 58. Be5 Rf7 59. Bg7 Rf4 60. h5 Rf5 61. Kxh7 Rxh5+ 62. Kg6 Rd5 63. Bf6 Kd6 64. Bg5 Ke6 65. Bf4 Rf5 66. Be3 Rf3 67. Bg5 Rg3 68. Kh6 Kf5 69. Be7 Rg6+ 70. Kh7 Rg2 71. Kh6 Re2 72. Bc5 Re5 73. Bf2 Re7 74. Bc5 Rc7 75. Bf2 Rc2 76. Bd4 Rd2 77. Bc5 Rg2 78. Bd4 Rg6+ 79. Kh7 Re6 80. Kg7 Rd6 81. Bf2 Rd7+ 82. Kf8 Ke6 83. Ke8 Rd2 84. Be3 Rd3 85. Bb6 Rd6 86. Bc7 Rd3 87. Kf8 Rf3+ 88. Kg8 Kf6 89. Bd8+ Kg6 90. Bh4 Rf4 91. Bg3 Rg4 92. Bh2 Rg2 93. Bf4 Ra2 0-1

[Event "Mazowieckie-chT 0405 Relegation"]
[Site "Poland"]
[Date "2005.03.13"]
[Round "2"]
[White "Kowalski, Piotr"]
[Black "Kosiorek, Marek"]
[Result "0-1"]
[WhiteElo "2000"]
[BlackElo "2345"]
[PlyCount "72"]
[EventDate "2005.03.06"]
[EventType "team-tourn"]
[EventRounds "3"]
[EventCountry "POL"]
[SourceTitle "EXT 2019"]
[Source "ChessBase"]
[SourceDate "2018.10.10"]
[SourceVersion "1"]
[SourceVersionDate "2018.10.10"]
[SourceQuality "1"]

1. e4 c5 2. Nf3 Nc6 3. d4 cxd4 4. Nxd4 Nf6 5. Nc3 d6 6. Bg5 e6 7. Qd2 a6 8. 0-0-0 Bd7 9. f4 b5 10. Bxb5 axb5 11. Ndxb5 Nb4 12. a3 Na2+ 13. Nxa2 Bxb5 14. Nc3 Bc6 15. Qe2 Be7 16. e5 Nd5 17. Nxd5 Bxg5 18. Nb4 Bxf4+ 19. Kb1 Ba4 20. Rxd6 Qa5 21. Nd3 Bh6 22. b4 Qa7 23. Nc5 Qb8 24. Qf3 0-0 25. Rhd1 Bg5 26. Ne4 Be7 27. Nf6+ Kh8 28. R1d4 gxf6 29. exf6 Bxd6 30. Rh4 Qb5 31. Rh5 Bxc2+ 32. Kxc2 Qc4+ 33. Kb1 Qf4 34. Qd3 h6 35. g3 Qxf6 36. Ka2 Bxb4 0-1

[Event "Mazowieckie-chT 0405"]
[Site "Poland"]
[Date "2005.01.23"]
[Round "8"]
[White "Kowalski, Piotr"]
[Black "Kasperkiewicz, Pawel"]
[Result "1-0"]
[WhiteElo "2000"]
[BlackElo "2183"]
[PlyCount "104"]
[EventDate "2004.10.03"]
[EventType "team-tourn"]
[EventRounds "10"]
[EventCountry "POL"]
[SourceTitle "EXT 2019"]
[Source "ChessBase"]
[SourceDate "2018.10.10"]
[SourceVersion "1"]
[SourceVersionDate "2018.10.10"]
[SourceQuality "1"]

1. e4 c6 2. d4 d5 3. Nc3 dxe4 4. Nxe4 Bf5 5. Ng3 Bg6 6. h4 h6 7. Nf3 Nd7 8. h5 Bh7 9. Bd3 Bxd3 10. Qxd3 e6 11. Bd2 Qc7 12. 0-0-0 0-0-0 13. Qe2 Ngf6 14. Kb1 c5 15. Ne5 Nxe5 16. dxe5 Nd5 17. c4 Nb4 18. Bc3 Be7 19. Rxd8+ Rxd8 20. Rd1 Rd7 21. a3 Nc6 22. f4 Nd4 23. Bxd4 cxd4 24. b4 a5 25. c5 Qc6 26. Kb2 f5 27. Rd2 Qd5 28. Qd3 Bh4 29. bxa5 Kb8 30. Ne2 Bf2 31. Qb3 Qc6 32. g3 Be3 33. Rd3 Qxc5 34. Qb4 Qc6 35. Kb3 Rc7 36. Nxd4 Qd5+ 37. Kb2 Qg2+ 38. Kb3 Bc1 39. Qd6 Bb2 40. Ka4 Qe4 41. Rd2 Bc3 42. Rd1 Bxd4 43. Rxd4 Qc2+ 44. Kb5 Qb3+ 45. Rb4 Qxg3 46. a6 Qg2 47. a7+ Kxa7 48. Qxc7 Qe2+ 49. Ka4 Qd1+ 50. Rb3 Qd4+ 51. Ka5 Qd5+ 52. Kb4 Qe4+ 1-0

[Event "Mazowieckie-chT 0405"]
[Site "Poland"]
[Date "2004.11.21"]
[Round "4"]
[White "Krauze, Dariusz"]
[Black "Kowalski, Piotr"]
[Result "0-1"]
[WhiteElo "2265"]
[BlackElo "2000"]
[PlyCount "124"]
[EventDate "2004.10.03"]
[EventType "team-tourn"]
[EventRounds "10"]
[EventCountry "POL"]
[SourceTitle "EXT 2019"]
[Source "ChessBase"]
[SourceDate "2018.10.10"]
[SourceVersion "1"]
[SourceVersionDate "2018.10.10"]
[SourceQuality "1"]

1. e4 c5 2. Nf3 d6 3. d4 cxd4 4. Nxd4 Nf6 5. Nc3 g6 6. Be2 Bg7 7. h4 h5 8. Bg5 0-0 9. Qd2 Nc6 10. Nb3 Be6 11. Bh6 Bxh6 12. Qxh6 a5 13. 0-0 Qb6 14. Rad1 a4 15. Nd5 Bxd5 16. exd5 axb3 17. dxc6 bxc6 18. Rd3 bxc2 19. Rb3 Qd4 20. Bd3 Qxh4 21. Bxg6 fxg6 22. Qxg6+ Kh8 23. Rh3 Qf4 24. Qxc2 c5 25. Re1 Rf7 26. Rf3 Qh6 27. Qf5 Rg8 28. Qe6 Rfg7 29. g3 Ng4 30. Qd5 h4 31. Kg2 hxg3 32. Rh1 Nh2 33. Rxg3 Rxg3+ 34. fxg3 Rg5 35. Qd1 Kg7 36. Rxh2 Qf6 37. Qc2 Rg6 38. Rh5 Qd4 39. Qc3 Qxc3 40. bxc3 Kf6 41. Rh8 Rg4 42. Rh4 Rg8 43. Ra4 Ke5 44. Kf3 Kd5 45. g4 e6 46. Kf4 e5+ 47. Ke3 Rh8 48. c4+ Ke6 49. Ra7 Rh3+ 50. Kd2 e4 51. g5 Rg3 52. Rg7 Ke5 53. a4 Kd4 54. Rd7 Rg2+ 55. Kd1 Kxc4 56. Rxd6 Rxg5 57. a5 Rd5+ 58. Rxd5 Kxd5 59. Ke2 c4 60. Kd2 Kc5 61. Kc3 e3 62. a6 Kb6 0-1